Größte Städte in Sachsen-Anhalt A-Z - Statistiken

Allgemein
  • Dieses Quiz wurde 222 mal gespielt
    45 seit der letzten Aktualisierung
  • Das Durchschnittsergebnis liegt bei 11 aus 21
Antwortstatistiken
# Einwohner Stadt % Korrekt
M 244.329 Magdeburg
95%
H 226.767 Halle (Saale)
92%
D 75.402 Dessau-Roßlau
90%
Q 23.139 Quedlinburg
85%
A 25.647 Aschersleben
72%
S 37.850 Stendal
64%
N 31.940 Naumburg (Saale)
59%
K 24.110 Köthen (Anhalt)
56%
O 18.859 Oschersleben (Bode)
56%
W 45.249 Wittenberg
56%
B 36.592 Bitterfeld-Wolfen
54%
E 22.505 Eisleben
51%
Z 28.328 Zeitz
51%
J 13.639 Jessen (Elster)
44%
G 21.822 Gardelegen
41%
C 11.129 Coswig (Anhalt)
31%
I 9.414 Ilsenburg (Harz)
28%
L 14.772 Landsberg
21%
T 16.788 Thale
21%
R 8.702 Raguhn-Jeßnitz
5%
F 4.924 Falkenstein (Harz)
0%
Keine übereinstimmenden Quizze gefunden
Verteilung der Resultate
Anzahl Personen mit jedem Resultat
Perzentil nach korrekt beantworteten Fragen
Ihre Resultats-Entwicklung
Sie haben dieses Quiz seit der letzten Aktualisierung nicht gespielt